| 000 -LEADER | |
|---|---|
| fixed length control field | 00533nam a22001817a 4500 |
| 005 - DATE AND TIME OF LATEST TRANSACTION | |
| control field | 20251204162603.0 |
| 008 - FIXED-LENGTH DATA ELEMENTS--GENERAL INFORMATION | |
| fixed length control field | 250909b |||||||| |||| 00| 0 eng d |
| 020 ## - INTERNATIONAL STANDARD BOOK NUMBER | |
| ISBN | 978-93-90595-76-1 |
| 041 ## - LANGUAGE CODE | |
| Language code of text/sound track or separate title | eng |
| 082 ## - DEWEY DECIMAL CLASSIFICATION NUMBER | |
| Classification number | 616.07 MAH-C |
| 100 ## - MAIN ENTRY--AUTHOR NAME | |
| Personal name | MAHESHWARI, NANDA |
| 245 ## - TITLE STATEMENT | |
| Title | CLINICAL PATHOLOGY HEMATOLOGY AND BLOOD BANKING [ FOR DMLT STUDENTS] 4TH ED. |
| 250 ## - EDITION STATEMENT | |
| Edition statement | 4TH ED. 2021 |
| 260 ## - PUBLICATION, DISTRIBUTION, ETC. (IMPRINT) | |
| Place of publication | NEW DELHI |
| Name of publisher | JAYPEE BROTHERS M. P. LTD |
| Year of publication | 202 |
| 300 ## - PHYSICAL DESCRIPTION | |
| Number of Pages | 352;P |
| 650 ## - SUBJECT ADDED ENTRY--TOPICAL TERM | |
| Topical Term | PARAMEDICAL |
| General subdivision | BMLT/BMIRT |
| 942 ## - ADDED ENTRY ELEMENTS (KOHA) | |
| Koha item type | Books |
| Lost status | Damaged status | Collection code | Home library | Current library | Shelving location | Date acquired | Source of acquisition | Cost, normal purchase price | Full call number | Accession Number | Koha item type | Serial Enumeration / chronology |
|---|---|---|---|---|---|---|---|---|---|---|---|---|
| PARAMEDICAL | JRU Library | JRU Library | Reference Section | 09/09/2025 | PURCHASE | 775.00 | 616.07 | 28797 | Books | |||
| PARAMEDICAL | JRU Library | JRU Library | SHELF-106-C | 09/09/2025 | PURCHASE | 775.00 | 616.07 | 28798 | Books | |||
| PARAMEDICAL | JRU Library | JRU Library | SHELF-106-C | 09/09/2025 | PURCHASE | 775.00 | 616.07 | 28799 | Books | |||
| PARAMEDICAL | JRU Library | JRU Library | SHELF-106-C | 09/09/2025 | PURCHASE | 775.00 | 616.07 | 28800 | Books | |||
| PARAMEDICAL | JRU Library | JRU Library | SHELF-106-C | 09/09/2025 | PURCHASE | 775.00 | 616.07 | 28801 | Books | |||
| Bachelor of Medical Laboratory Technology | JRU Library | JRU Library | SHELF-106-C | 01/12/2025 | PURCHASE | 725.00 | 616.07 MAH-C | 29215 | Books | LBI-000811/28-11-2025 | ||
| Bachelor of Medical Laboratory Technology | JRU Library | JRU Library | SHELF-106-C | 01/12/2025 | PURCHASE | 725.00 | 616.07 MAH-C | 29216 | Books | LBI-000811/28-11-2025 | ||
| Bachelor of Medical Laboratory Technology | JRU Library | JRU Library | SHELF-106-C | 01/12/2025 | PURCHASE | 725.00 | 616.07 MAH-C | 29217 | Books | LBI-000811/28-11-2025 | ||
| Bachelor of Medical Laboratory Technology | JRU Library | JRU Library | SHELF-106-C | 01/12/2025 | PURCHASE | 725.00 | 616.07 MAH-C | 29218 | Books | LBI-000811/28-11-2025 | ||
| Bachelor of Medical Laboratory Technology | JRU Library | JRU Library | SHELF-106-C | 01/12/2025 | PURCHASE | 725.00 | 616.07 MAH-C | 29219 | Books | LBI-000811/28-11-2025 |